Pitfalls in sending and receiving property notices (Record no. 77548)

MARC details
000 -LEADER
fixed length control field 01435cab a2200253 4500
001 - CONTROL NUMBER
control field ##L134510
008 - FIXED-LENGTH DATA ELEMENTS--GENERAL INFORMATION
fixed length control field 060814n2006 000 0 eng u
035 ## - SYSTEM CONTROL NUMBER
System control number (Sirsi) u134510
041 0# - LANGUAGE CODE
Language code of text/sound track or separate title eng
100 1# - MAIN ENTRY--PERSONAL NAME
Personal name Swerling, Leon
245 00 - TITLE STATEMENT
Title Pitfalls in sending and receiving property notices
260 ## - PUBLICATION, DISTRIBUTION, ETC.
Date of publication, distribution, etc. 2006
490 #0 - SERIES STATEMENT
Series statement EMIS Property Service
Volume/sequential designation 4(7) July 2006, 3-5(3)
520 ## - SUMMARY, ETC.
Summary, etc. Condenses essential points on getting notices drawn up and served correctly by either landlord or tenant. Points out the consequences of defective notices, and provides references to three cases which have moderated, albeit to a limited extent, the effects of a defect in a notice: "Mannai Investment Co Ltd v Eagle Star Life Assurance Co Ltd UK" (HL, Abs57160), "McDonald and another v Fernandez and another" ([2003] EWCA Civ 1219, Abs67273), "Lower Street Properties Ltd v Jones" (CA, Abs56235). Quotes the Landlord and Tenant Act 1987 ss46-48 and elucidates the impact of these sections on residential landlords.
650 24 - SUBJECT ADDED ENTRY--TOPICAL TERM
Topical term or geographic name entry element LANDLORD AND TENANT ACT 1987 S46
650 24 - SUBJECT ADDED ENTRY--TOPICAL TERM
Topical term or geographic name entry element LANDLORD AND TENANT ACT 1987 S47
650 24 - SUBJECT ADDED ENTRY--TOPICAL TERM
Topical term or geographic name entry element LANDLORD AND TENANT ACT 1987 S48
650 24 - SUBJECT ADDED ENTRY--TOPICAL TERM
Topical term or geographic name entry element MANNAI INVESTMENT CO LTD V EAGLE STAR LIFE ASSURANCE CO LTD UK
650 24 - SUBJECT ADDED ENTRY--TOPICAL TERM
Topical term or geographic name entry element MCDONALD AND ANOTHER V FERNANDEZ AND ANOTHER
650 24 - SUBJECT ADDED ENTRY--TOPICAL TERM
Topical term or geographic name entry element LOWER STREET PROPERTIES LTD V JONES
651 #4 - SUBJECT ADDED ENTRY--GEOGRAPHIC NAME
Geographic name England and Wales
Chronological subdivision 1543-
690 ## - LOCAL SUBJECT ADDED ENTRY--TOPICAL TERM (OCLC, RLIN)
Topical term or geographic name as entry element Landlord and tenant
9 (RLIN) 6252
942 ## - ADDED ENTRY ELEMENTS (KOHA)
Suppress in OPAC 0
Holdings
Withdrawn status Lost status Source of classification or shelving scheme Damaged status Not for loan Home library Current library Shelving location Date acquired Total Checkouts Full call number Barcode Date last seen Copy number Price effective from Koha item type
    Dewey Decimal Classification     London London Journal article 14/08/2006   L134510 134510-1001 06/08/2019 1 06/08/2019 Journal article